University physics (Record no. 2224)

MARC details
000 -LEADER
fixed length control field 00567nam a22002177a 4500
003 - CONTROL NUMBER IDENTIFIER
control field OSt
005 - DATE AND TIME OF LATEST TRANSACTION
control field 20150907124809.0
008 - FIXED-LENGTH DATA ELEMENTS--GENERAL INFORMATION
fixed length control field 150907b xxu||||| |||| 00| 0 eng d
020 ## - INTERNATIONAL STANDARD BOOK NUMBER
International Standard Book Number 9780321501219
040 ## - CATALOGING SOURCE
Transcribing agency DDC
082 ## - DEWEY DECIMAL CLASSIFICATION NUMBER
Classification number 530 YOU 2008
100 ## - MAIN ENTRY--PERSONAL NAME
Personal name Young, Hugh D.
9 (RLIN) 822
245 ## - TITLE STATEMENT
Title University physics
250 ## - EDITION STATEMENT
Edition statement 12th ed.
260 ## - PUBLICATION, DISTRIBUTION, ETC. (IMPRINT)
Place of publication, distribution, etc. San Franscisco;
Name of publisher, distributor, etc. Pearson,
Date of publication, distribution, etc. 2008
300 ## - PHYSICAL DESCRIPTION
Extent xx,1551p;
Other physical details col.ill:
Dimensions 28cm
504 ## - BIBLIOGRAPHY, ETC. NOTE
Bibliography, etc Appendices, answers, & index included
650 ## - SUBJECT ADDED ENTRY--TOPICAL TERM
Topical term or geographic name as entry element Physics
9 (RLIN) 809
700 ## - ADDED ENTRY--PERSONAL NAME
Personal name Freedman, Roger A.
9 (RLIN) 5660
942 ## - ADDED ENTRY ELEMENTS (KOHA)
Source of classification or shelving scheme Other/Generic Classification Scheme
Koha item type Open Shelf
Holdings
Withdrawn status Lost status Source of classification or shelving scheme Damaged status Not for loan Home library Current library Date acquired Source of acquisition Inventory number Total Checkouts Full call number Barcode Date last seen Koha item type Price effective from
    Dewey Decimal Classification     MUST Main Library MUST Main Library 07/09/2015   14/38747   530 YOU 2008 2015-2199 07/09/2015 Open Shelf  
    Dewey Decimal Classification     MUST Main Library MUST Main Library 24/06/2024 Purchase 11/35237   530 YOU 2008 2024-21028 24/06/2024 Open Shelf 24/06/2024